| 000 | 00534nam a22001577a 4500 | ||
|---|---|---|---|
| 003 | macl | ||
| 005 | 20191206123328.0 | ||
| 008 | 191206b xxu||||| |||| 00| 0 eng d | ||
| 040 | _c macl | ||
| 082 | _a800/JAY | ||
| 100 |
_aमिश्र ,डॉ .बलराम _977470 |
||
| 245 | _aप्रसाद की गघ भाषा का अर्थ -सौंदर्य | ||
| 260 |
_aदिल्ली _bसमीक्षा प्रकाशन _c2017 |
||
| 650 |
_aरचनावली _9163 |
||
| 942 |
_2ddc _cHIN |
||
| 999 |
_c61527 _d61527 |
||